Score 0/16 Timer 04:00
0 Plays Today
Hint Oscar % Correct
1991 Sylvester Stallone comedy also starring Marisa Tomei.'Oscar'
82%
Muppet on 'Sesame Street' who lives in a garbage can.Oscar the Grouch
57.6%
German industrialist credited with saving almost 1,200 Jews during the Holocaust.Oskar Schindler
48.9%
Meat production company famous for their Wienermobile.Oscar Mayer
45.3%
Teamed with Richard Rodgers to produce such Broadway musicals as 'Carousel and South Pacific.'Oscar Hammerstein II
43.9%
Irish writer who penned 'The Picture of Dorian Gray.'Oscar Wilde
38.8%
Gold medal winning boxer nicknamed 'The Golden Boy.'Oscar De La Hoya
34.5%
George Sr.'s air-headed identical twin from 'Arrested Development' (played by Jeffrey Tambor).Oscar Bluth
26.6%
Hint Oscar % Correct
An accountant at 'Dunder Mifflin Paper' or the person who plays him on 'The Office.'Oscar Martinez or Oscar Nunez
25.2%
Born Joseph Francois Oscar Bernadotte, July 4, 1799, was King of Sweden and Norway from 1844 to 1859.King Oscar I
23%
12-time NBA All-Star and the 1964 Most Valuable Player.Oscar Robertson
22.3%
Slobbish sportswriter from 'The Odd Couple.'Oscar Madison
20.1%
Oscar Fredrik, King of Sweden from 1872 until 1907.King Oscar II
15.8%
Orbiting Satellite Carrying Amateur Radio. First launched on December 12, 1961, used to facilitate communication between amateur radio stations.OSCAR-1
12.2%
Canadian jazz pianist and composer with over 200 recordings and seven Grammy Awards.Oscar Peterson
12.2%
Professional wrestler who performs under the stage name 'Rey Mysterio, Jr.'Oscar Gutierrez
8.6%
Come Together.
Have Fun.
All Virtual.
We all need to come together. Play Sporcle's virtual live trivia to have fun, connect with people, and get your trivia on. Join a live hosted trivia game for your favorite pub trivia experience done virtually. If a virtual private party is more your thing, go here for details.

You're not logged in!

Compare scores with friends on all Sporcle quizzes.
OR
Log In

Sporcle TV

Today on Sporcle TV


Watch our educational content, quiz creation guides, and fun videos on Sporcle TV.

Show Comments

Extras

Created Feb 25, 2011SourceReportNominate
Tags:Oscar Quiz

Top Quizzes Today


Score Distribution

Paid Content

Your Account Isn't Verified!

In order to create a playlist on Sporcle, you need to verify the email address you used during registration. Go to your Sporcle Settings to finish the process.

Report this User

Report this user for behavior that violates our Community Guidelines.

Details: